A practical guide to Stamp Duty Land Tax (Record no. 103490)
[ view plain ]
| 000 -LEADER | |
|---|---|
| fixed length control field | 01787cam a2200481 4500 |
| 001 - CONTROL NUMBER | |
| control field | L125870 |
| 008 - FIXED-LENGTH DATA ELEMENTS--GENERAL INFORMATION | |
| fixed length control field | 040419n2004 000 0 eng u |
| 020 ## - INTERNATIONAL STANDARD BOOK NUMBER | |
| International Standard Book Number | 1903927404 |
| 035 ## - SYSTEM CONTROL NUMBER | |
| System control number | (Sirsi) u125870 |
| 041 ## - LANGUAGE CODE | |
| Language code of text/sound track or separate title | eng |
| 050 ## - LIBRARY OF CONGRESS CALL NUMBER | |
| Classification number | 336.22 |
| -- | 21 |
| 100 ## - MAIN ENTRY--PERSONAL NAME | |
| Personal name | Stapleton, Mark |
| 245 #2 - TITLE STATEMENT | |
| Title | A practical guide to Stamp Duty Land Tax |
| 260 ## - PUBLICATION, DISTRIBUTION, ETC. | |
| Place of publication, distribution, etc. | London |
| Name of publisher, distributor, etc. | Legalease |
| Date of publication, distribution, etc. | 2004 |
| 300 ## - PHYSICAL DESCRIPTION | |
| Extent | xvi, 271p. |
| Dimensions | 21cm. |
| 350 ## - PRICE (NR) (BK AM CF MU VM SE) [OBSOLETE] | |
| Price | 35.95 |
| 505 ## - FORMATTED CONTENTS NOTE | |
| Formatted contents note | Introduction and overview |
| 505 ## - FORMATTED CONTENTS NOTE | |
| Formatted contents note | Key SDLT concepts |
| 505 ## - FORMATTED CONTENTS NOTE | |
| Formatted contents note | Sale of freehold |
| 505 ## - FORMATTED CONTENTS NOTE | |
| Formatted contents note | Sale of a leasehold interest |
| 505 ## - FORMATTED CONTENTS NOTE | |
| Formatted contents note | The grant of a lease |
| 505 ## - FORMATTED CONTENTS NOTE | |
| Formatted contents note | Other lease transactions |
| 505 ## - FORMATTED CONTENTS NOTE | |
| Formatted contents note | Non-monetary consideration |
| 505 ## - FORMATTED CONTENTS NOTE | |
| Formatted contents note | Subsales |
| 505 ## - FORMATTED CONTENTS NOTE | |
| Formatted contents note | SDLT exemptions and reliefs |
| 505 ## - FORMATTED CONTENTS NOTE | |
| Formatted contents note | Continuation of stamp duty for partnerships |
| 505 ## - FORMATTED CONTENTS NOTE | |
| Formatted contents note | Transitional issues |
| 505 ## - FORMATTED CONTENTS NOTE | |
| Formatted contents note | Common property development agreements |
| 505 ## - FORMATTED CONTENTS NOTE | |
| Formatted contents note | Basic planning possiblities under SDLT |
| 505 ## - FORMATTED CONTENTS NOTE | |
| Formatted contents note | Paying and filing requirements |
| 505 ## - FORMATTED CONTENTS NOTE | |
| Formatted contents note | Inland Revenue powers |
| 505 ## - FORMATTED CONTENTS NOTE | |
| Formatted contents note | Appendix - completing SDLT returns |
| 520 ## - SUMMARY, ETC. | |
| Summary, etc. | Stamp Duty Land Tax (SDLT) is a new transaction-based tax with a wider scope than stamp duty, which came into force on 1 December 2003. Aimed at property and tax professionals, this book provides comprehensive coverage of the new regime, including best practice advice on commercial property transactions. Tables of cases, statutes and statutory instruments. |
| 520 ## - SUMMARY, ETC. | |
| Summary, etc. | Accompanied by a CD-ROM (L145150) which is reference only/ |
| 650 ## - SUBJECT ADDED ENTRY--TOPICAL TERM | |
| Topical term or geographic name entry element | STAMP DUTY LAND TAX |
| 650 ## - SUBJECT ADDED ENTRY--TOPICAL TERM | |
| Topical term or geographic name entry element | PROPERTY TRANSACTIONS |
| 650 ## - SUBJECT ADDED ENTRY--TOPICAL TERM | |
| Topical term or geographic name entry element | STAMP DUTY |
| 690 ## - LOCAL SUBJECT ADDED ENTRY--TOPICAL TERM (OCLC, RLIN) | |
| Topical term or geographic name as entry element | TAXATION |
| 700 ## - ADDED ENTRY--PERSONAL NAME | |
| Personal name | Gubbay, David |
| 700 ## - ADDED ENTRY--PERSONAL NAME | |
| Personal name | Moore, Sam |
| 700 ## - ADDED ENTRY--PERSONAL NAME | |
| Personal name | Hillman, Eli |
| 942 ## - ADDED ENTRY ELEMENTS (KOHA) | |
| Suppress in OPAC | 0 |
| Withdrawn status | Lost status | Source of classification or shelving scheme | Damaged status | Not for loan | Home library | Current library | Shelving location | Date acquired | Cost, normal purchase price | Total Checkouts | Full call number | Barcode | Date last seen | Date last checked out | Copy number | Cost, replacement price | Price effective from | Koha item type |
|---|---|---|---|---|---|---|---|---|---|---|---|---|---|---|---|---|---|---|
| Dewey Decimal Classification | London | London | Books | 21/04/2004 | 35.95 | 10 | 336.22 STA | 30069196 | 06/08/2019 | 19/09/2008 | 1 | 35.95 | 06/08/2019 | Book |